000 00623cam a2200229 a 4500
001 4224031
005 20180302054228.0
008 820308s1982 nyua b 001 0 eng
010 _a 82015373
020 _a0893521825
040 _aDLC
_cDLC
_dDLC
041 _aeng
060 _aW1 MA9309S v. 6
_aWN 610 F175p
080 _a616.9897 FAJ
082 0 0 _a616.9897 FAJ
_219
100 1 _a9
101 _aPAT
245 1 0 _aPathology of radiation injury /
_cLuis Felipe Fajardo.
504 _aIncludes bibliographical references and index.
906 _a7
_bcbc
_corignew
_d1
_eocip
_f19
_gy-gencatlg
942 _2ddc
_cBK
999 _c44011
_d44011